LEADER 01540nam 2200493 450 001 9910821506703321 005 20200520144314.0 010 $a92-871-7994-8 035 $a(CKB)2670000000574136 035 $a(SSID)ssj0001399263 035 $a(PQKBManifestationID)11867880 035 $a(PQKBTitleCode)TC0001399263 035 $a(PQKBWorkID)11450243 035 $a(PQKB)11121047 035 $a(MiAaPQ)EBC3138796 035 $a(Au-PeEL)EBL3138796 035 $a(CaPaEBR)ebr10984209 035 $a(CaONFJC)MIL655896 035 $a(OCoLC)900687870 035 $a(EXLCZ)992670000000574136 100 $a20141122h20142014 uy 0 101 0 $aeng 135 $aurcnu|||||||| 181 $ctxt 182 $cc 183 $acr 200 00$aHeritage for development in South-East Europe $enew visions and perceptions of heritage through the Ljubljana process 210 1$aStrasbourg, France :$cConcil of Europe,$d2014. 210 4$d2014 215 $a1 online resource (208 pages) $ccolor illustrations, photographs 300 $aBibliographic Level Mode of Issuance: Monograph 311 $a92-871-7873-9 311 $a1-322-24616-5 320 $aIncludes bibliographical references. 606 $aSustainable development$zEurope, Eastern 615 0$aSustainable development 676 $a338.94307 801 0$bMiAaPQ 801 1$bMiAaPQ 801 2$bMiAaPQ 906 $aBOOK 912 $a9910821506703321 996 $aHeritage for development in South-East Europe$94024357 997 $aUNINA LEADER 02624nam 2200661z- 450 001 9910557337903321 005 20220111 035 $a(CKB)5400000000042499 035 $a(oapen)https://directory.doabooks.org/handle/20.500.12854/76722 035 $a(oapen)doab76722 035 $a(EXLCZ)995400000000042499 100 $a20202201d2021 |y 0 101 0 $aeng 135 $aurmn|---annan 181 $ctxt$2rdacontent 182 $cc$2rdamedia 183 $acr$2rdacarrier 200 00$aThe State of the Art of Thermo-Chemical Heat Storage 210 $aBasel, Switzerland$cMDPI - Multidisciplinary Digital Publishing Institute$d2021 215 $a1 online resource (112 p.) 311 08$a3-0365-1373-6 311 08$a3-0365-1374-4 330 $aThe heat storage based on thermochemical technology is associated with higher amounts of energy stored with respect to systems based on sensible heat. This interesting feature is stimulating the interest of the scientific community, among energy providers and grid managers, since it can effectively support the operation and integration of renewable high-efficiency systems and local smart grids. Research in this field is achieving unprecedented goals thanks to the profitable exploitation of results obtained in the field of heat pumps and thermally driven systems. The present issue offers the reader a sensational window to this rapidly evolving world. 606 $aResearch & information: general$2bicssc 606 $aTechnology: general issues$2bicssc 610 $aadsorption 610 $achemical sorption 610 $aclimate conditions 610 $acold storage 610 $aenergy efficiency 610 $aexperimental campaign 610 $aFAM Z02 610 $afoam 610 $aheat storage 610 $amobile refrigeration 610 $anumerical modelling 610 $anumerical simulation 610 $apower grid support 610 $apower-to-heat 610 $areaction enthalpy 610 $aSAPO-34 610 $aSAPO34 610 $asolar DWH 610 $asolar systems 610 $asorption heat storage 610 $asystem efficiency 610 $atheoretical limits 610 $athermal storage 610 $athermochemical storage 610 $azeolite 615 7$aResearch & information: general 615 7$aTechnology: general issues 700 $aVasta$b Salvatore$4edt$033539 702 $aVasta$b Salvatore$4oth 906 $aBOOK 912 $a9910557337903321 996 $aThe State of the Art of Thermo-Chemical Heat Storage$93034739 997 $aUNINA